Name Flags With Most of Each Colour. - Statistics

General Stats
  • This quiz has been taken 14 times
  • The average score is 5 of 12
Answer Stats
Hint Answer % Correct
Red China
79%
Green Saudi Arabia
64%
Pink Spain
64%
Orange Bhutan
57%
Blue Micronesia
57%
Brown Andorra
36%
Libya Black
36%
Yellow Brunei
36%
Blue Dominica
36%
Gray Vatican City
36%
White Cyprus
21%
Cyan Honduras
14%
No matching quizzes found
Score Distribution
Percent of People with Each Score
Percentile by Number Answered
Your Score History
You have not taken this quiz